000 00405pab a2200145 454500
008 180718b xxu||||| |||| 00| 0 eng d
100 _aTeltumbde, Anand
245 _aMukhiya's assassination: Jungle justice in the face of systematic injustice
300 _ap.10-12.
650 _aHomicide - India - Bihar
650 _aHomicide
773 _aEconomic and Political Weekly
908 _aN
909 _a97304
999 _c97304
_d97304